| 000 | 01416nam a2200241Ia 4500 | ||
|---|---|---|---|
| 003 | Ost | ||
| 005 | 20260507075250.0 | ||
| 008 | 260507s9999||||xx |||||||||||||| ||und|| | ||
| 020 | _a9789957122928 | ||
| 040 | _cfsecg | ||
| 041 | _aara | ||
| 082 | _a330 | ||
| 100 |
_aالعلاق، بشير _eمؤلف |
||
| 245 | 0 |
_aأساسيات العرض و التقديم الفعال : _bمدخل تطبيقي / _c بشير العلاق |
|
| 260 |
_aعمان: _bدار اليازوري, _c2010 |
||
| 300 |
_a231 صفحة؛ _bإيضاحات ؛ _c24 سم |
||
| 504 | _aمراجع ص.231 | ||
| 520 | _aمدخل الى عملية العرض و التقديم ، دور التصال في تفعيل هذه العملية : العلاقة القائمة بين كفاءة الاتصال و نتائج عملية العرض و التقديم ، الاتصال وفق نوع الرسالة الاتصالية و وفق اتجاهاته و الاتصالات غير الرسمية ، شبكات اتصال الفريق و الاتصالات الخارجية ، أساليب التعامل مع الانماط المختلفة للزبائن ( العملاء) و متطلبات و مراحل العرض و التقديم الفعال مع وجود أسئلة للمناقشة في نهاية كل فصل. | ||
| 653 | _aالتسويق | ||
| 653 | _aالعرض و الطلب | ||
| 653 | _aالمبيعات | ||
| 942 | _cكتاب | ||
| 999 |
_c43686 _d43686 |
||